000 00619nam a2200241Ia 4500
003 OSt
005 20221007104659.0
006 a|||||r|||| 00| 0
007 ta
008 221006b |||||||| |||| 00| 0 eng d
024 _a16,534
037 _cTextual
040 _aLCO
_cLCO
_beng
041 _2eng
_aeng
082 _aZ2,548, L3
100 _aNoorani A.G
245 0 _aMinister's Misconduct
260 _aDelhi
_bVikas Publishing House India
_c1973
300 _a412
650 _aMINISTERS MISCONDUCT
_9706253
942 _hZ2,548, L3
_cTEXL
999 _c1186097
_d1186097